Comparison of cherry tomato lines with heat tolerance and high yeilding; ការប្រៀបធៀបស្រឡាយប៉េងបោះ CHERRY ដែលធន់កម្ដៅ និងផ្ដល់ទន្នផលខ្ពស់ (Record no. 10739)

000 -LEADER
fixed length control field 00546nam a22001337a 4500
040 ## - CATALOGING SOURCE
Transcribing agency RUA
082 ## - DEWEY DECIMAL CLASSIFICATION NUMBER
Classification number AGR YAN 2015 B520 Or.1
100 ## - MAIN ENTRY--AUTHOR NAME
Personal name YAN YUN; យ៉ាន យ៉ុន
245 ## - TITLE STATEMENT
Title Comparison of cherry tomato lines with heat tolerance and high yeilding; ការប្រៀបធៀបស្រឡាយប៉េងបោះ CHERRY ដែលធន់កម្ដៅ និងផ្ដល់ទន្នផលខ្ពស់
260 ## - PUBLICATION, DISTRIBUTION, ETC. (IMPRINT)
Place of publication Phnom Penh
Name of publisher YAN
Year of publication 2015
300 ## - PHYSICAL DESCRIPTION
Number of Pages xii;47p.
Other physical details ill.
Dimensions 29cm.
856 ## - ELECTRONIC LOCATION AND ACCESS
Uniform Resource Identifier YAN YUN
942 ## - ADDED ENTRY ELEMENTS (KOHA)
Koha item type AGR
952 ## - LOCATION AND ITEM INFORMATION (KOHA)
Withdrawn status [LOCAL, KOHA] 0
952 ## - LOCATION AND ITEM INFORMATION (KOHA)
Withdrawn status [LOCAL, KOHA] 0
952 ## - LOCATION AND ITEM INFORMATION (KOHA)
Withdrawn status [LOCAL, KOHA] 0
952 ## - LOCATION AND ITEM INFORMATION (KOHA)
Withdrawn status [LOCAL, KOHA] 0
952 ## - LOCATION AND ITEM INFORMATION (KOHA)
Withdrawn status [LOCAL, KOHA] 0
952 ## - LOCATION AND ITEM INFORMATION (KOHA)
Withdrawn status [LOCAL, KOHA] 0
952 ## - LOCATION AND ITEM INFORMATION (KOHA)
Withdrawn status [LOCAL, KOHA] 0
952 ## - LOCATION AND ITEM INFORMATION (KOHA)
Withdrawn status [LOCAL, KOHA] 0
952 ## - LOCATION AND ITEM INFORMATION (KOHA)
Withdrawn status [LOCAL, KOHA] 0
952 ## - LOCATION AND ITEM INFORMATION (KOHA)
Withdrawn status [LOCAL, KOHA] 0
Holdings
Permanent Location Date acquired Koha item type Lost status Shelving location Barcode Current Location Full call number
Library Block B2016-11-04AGR B520A00579Library Block BAGR YAN 2015 B520 Or.1
Library Block B2016-11-04AGR B520A02867Library Block BAGR YAN 2015 B520 Or.2
Library Block B2016-11-04AGR B520A00784Library Block BAGR YAN 2015 B520 Or.3
Library Block B2016-11-04AGR B520A01531Library Block BAGR YAN 2015 B520 Or.4
Library Block B2016-11-04AGR B520A01153Library Block BAGR YAN 2015 B520 Or.5
Library Block B2016-11-04AGR B520A01527Library Block BAGR YAN 2015 B520 Or.6
Library Block B2016-11-04AGR B520A01536Library Block BAGR YAN 2015 B520 Or.7
Library Block B2016-11-04AGR B520A00825Library Block BAGR YAN 2015 B520 Or.8
Library Block B2021-10-01AGR B691A066558Library Block BAGR YAN 2015 B691 Or.
Library Block B2021-10-01AGR B691A066372Library Block BAGR YAN 2015 B691 Or.
មជ្ឈមណ្ឌលឯការនៃសាកលវិទ្យាល័យភូមិន្ទកសិកម្មចំការដូង

Powered by Koha